Salta al contenuto

Математическое моделирование технических объектов и систем управления методические указания к лабораторным работам

Написаны в соответствии с рабочей программой дисциплины «Математическое моделирование технических объектов и систем управления», которая знакомит студентов с основами разработки математических моделей. Предназначены для студентов, обучающихся по направлениям подготовки магистров ФГОС ВПО III 090900...

Descrizione completa

Salvato in:
Dettagli Bibliografici
Autore principale: Красов А. В.
Altri autori: Цветков А. Ю.
Natura: Книга
Lingua:Russian
Pubblicazione: Санкт-Петербург СПбГУТ им. М.А. Бонч-Бруевича 2013
Soggetti:
Accesso online:https://e.lanbook.com/book/181513
https://e.lanbook.com/img/cover/book/181513.jpg
Tags: Aggiungi Tag
Nessun Tag, puoi essere il primo ad aggiungerne! !
LEADER 02192nam0a2200361 i 4500
001 181513
003 RuSpLAN
005 20221220174135.0
008 221220s2013 ru gs 000 0 rus
040 |a RuSpLAN 
041 0 |a rus 
044 |a ru 
080 |a 004 
245 0 0 |a Математическое моделирование технических объектов и систем управления  |b методические указания к лабораторным работам  |c Красов А. В.,Цветков А. Ю. 
260 |a Санкт-Петербург  |b СПбГУТ им. М.А. Бонч-Бруевича  |c 2013 
300 |a 28 с. 
504 |a Библиогр.: доступна в карточке книги, на сайте ЭБС Лань 
520 8 |a Написаны в соответствии с рабочей программой дисциплины «Математическое моделирование технических объектов и систем управления», которая знакомит студентов с основами разработки математических моделей. Предназначены для студентов, обучающихся по направлениям подготовки магистров ФГОС ВПО III 090900 «Информационная безопасность». 
521 8 |a Книга из коллекции СПбГУТ им. М.А. Бонч-Бруевича - Математика 
653 0 |a 090000 
653 0 |a решение системы уравнений 
653 0 |a формы моделей 
653 0 |a scilab 
653 0 |a топология модели 
653 0 |a системы управления 
653 0 |a статистические характеристики 
653 0 |a линеаризация 
653 0 |a частотные характеристики 
100 1 |a Красов А. В. 
700 1 |a Цветков А. Ю. 
856 4 |u https://e.lanbook.com/book/181513 
856 4 8 |u https://e.lanbook.com/img/cover/book/181513.jpg 
953 |a https://e.lanbook.com/img/cover/book/181513.jpg